000 00362nam a22001217a 4500
008 230629b xxu||||| |||| 00| 0 eng d
082 _a338.9
_bUN 1993
245 _aAnnual Report 24 April 1992 - 6 May 1993
_bEconomic and Social Council Official Records, 1993
260 _bUnited Nations
_c1993
300 _aVI,107p
440 _n18
_pSupplement
942 _2ddc
_cBK
999 _c2999
_d2999